000 00380nam a2200145Ia 4500
008 230711s9999||||xx |||||||||||||| ||und||
041 _aENG
082 _a621
_bLI-M
100 _aLiao,Samuel Y
245 0 _aMicrowave devices and circuits
250 _a3rd
260 _c1991
_aNew Delhi
_bPrentice-Hall of India Private Limited
650 _aElectronics Engineering
942 _cBK
999 _c1431
_d1431